|
|
|
|
| LEADER |
00922cam a2200229 7i4500 |
| 001 |
0000063508 |
| 005 |
20090801090000.0 |
| 008 |
090616s2008 us 0 eng |
| 020 |
# |
0 |
|a 9780205540402 (hbk.)
|
| 020 |
# |
0 |
|a 0205540406 (hbk.)
|
| 090 |
0 |
0 |
|a LB 1027.5
|b .S2 2008
|
| 100 |
1 |
# |
|a Schmidt, John J.,
|c 1946
|
| 245 |
1 |
0 |
|a Counseling in schools :
|b comprehensive programs of responsive services for all students
|c John J. Schmidt..
|
| 250 |
# |
# |
|a 5th ed..
|
| 260 |
# |
# |
|a Boston:
|b Pearson/Allyn and Bacon,
|c 2008.
|
| 300 |
# |
# |
|a xvi, 352 p.:
|b ill.;
|c 25 cm..
|
| 504 |
0 |
0 |
|a Includes bibliographical references and index
|
| 650 |
0 |
0 |
|a Counseling in middle school education --
|z United States
|
| 650 |
0 |
0 |
|a Counseling in secondary education --
|z United States
|
| 650 |
0 |
0 |
|a Student counselors --
|z United States
|
| 650 |
0 |
0 |
|a Educational counseling --
|z United States
|
| 999 |
|
|
|a 1100065305
|b Book
|c Open Shelf
|e KOLEKSI TERBUKA
|